000 00359 a2200169 4500
001 12938
020 _a9788526018556
040 _cAnchieta - Aquarius
100 _aFrança, Mary
240 1 0 _a*Um amor de bebê
_lpor
245 1 0 _a*Um amor de bebê
300 _a
362 0 _a2013
440 1 _aGlobal
650 4 _aLiteratura infantil
942 _cBK
999 _c12938
_d12938